00601cam a22002171i 4500001001300000003000400013005001700017008004100034010001700075035002000092040002100112042001200133050002100145100003100166245004000197260003200237300002100269650005500290752002100345999001700366he 68002291 DLC20260227111501.0861007s1968 is 000 0 yid  ahe 68002291  a(OCoLC)19307226 aDLCcMHdCUdDLC apremarc00aPJ5129.R5714bM51 aRokhman, Leyb,d1918-1978.10aMiṭ blinde ṭriṭ iber der erd. aTel-Aviv :bMenorah,c1968. a588 p. ;c23 cm. 0aWorld War, 1939-1945xPersonal narratives, Jewish. aIsraeldTel Aviv c33546d33546